|
|
|
|
| LEADER |
00940nam a2200253 a 4500 |
| 001 |
3589441 |
| 008 |
090802s1996 miu b 000 0 eng d |
| 010 |
|
|
|a 67011980
|
| 040 |
|
|
|a DLC
|c DLC
|d DLC
|
| 020 |
|
|
|a 0140556362
|
| 082 |
0 |
0 |
|a 808.2
|2 19
|
| 100 |
0 |
|
|a Aristotle.
|
| 240 |
1 |
0 |
|a Poetics.
|l English.
|f 1967
|
| 245 |
0 |
0 |
|a Aristotle:
|b Poetics.
|c Translated with an introd. and notes by Malcolm Heath.
|
| 260 |
|
|
|a Ann Arbor;
|a London:
|b University of Michigan Press;
|b Penguin Books,
|c 1996
|
| 300 |
|
|
|a lxxiii,61 p.
|c 19 cm.
|
| 490 |
0 |
|
|a Penguin Books.
|
| 541 |
1 |
|
|e 00014518
|
| 650 |
|
0 |
|a Poetry
|x Early works to 1800.
|
| 650 |
|
0 |
|a Aesthetics
|x Early works to 1800.
|
| 700 |
1 |
|
|a Heath,Malcolm.
|
| 852 |
4 |
|
|a Ayesha Abed Library
|j General Shelf.
|
| 999 |
|
|
|c 3180
|d 3180
|
| 952 |
|
|
|0 0
|1 4
|2 ddc
|4 0
|6 808_200000000000000_ARI
|7 0
|9 2883
|a BRACUL
|b BRACUL
|c GEN
|d 2009-08-30
|g 847.00
|l 0
|o 808.2 ARI
|p 3010014518
|r 2009-08-30
|t 1
|w 2009-08-30
|y BK
|x Koha Inventory 2020
|